Các kết cấu mặt đường kiểu mới
Quyển " Các kết cấu mặt đường kiểu mới" gồm 4 phần trình bày sự cần thiết phải đổi mới công nghệ làm đường ô tô, những tiến bộ kỹ thuật trong xây dựng mặt đường bêtông xi măng gần đây, Kỹ thuật bêtông lèn chặt bằng...
Wedi'i Gadw mewn:
| Prif Awdur: | |
|---|---|
| Fformat: | Llyfr |
| Iaith: | Undetermined |
| Cyhoeddwyd: |
Hà Nội
Xây dựng
2010
|
| Pynciau: | |
| Tagiau: |
Ychwanegu Tag
Dim Tagiau, Byddwch y cyntaf i dagio'r cofnod hwn!
|
| Thư viện lưu trữ: | Trung tâm Học liệu Trường Đại học Cần Thơ |
|---|
| LEADER | 01130nam a2200217Ia 4500 | ||
|---|---|---|---|
| 001 | CTU_129241 | ||
| 008 | 210402s9999 xx 000 0 und d | ||
| 020 | |c 55000 | ||
| 082 | |a 625.84 | ||
| 082 | |b Ch309 | ||
| 100 | |a Nguyễn, Quang Chiêu | ||
| 245 | 0 | |a Các kết cấu mặt đường kiểu mới | |
| 245 | 0 | |c Nguyễn Quang Chiêu | |
| 260 | |a Hà Nội | ||
| 260 | |b Xây dựng | ||
| 260 | |c 2010 | ||
| 520 | |a Quyển " Các kết cấu mặt đường kiểu mới" gồm 4 phần trình bày sự cần thiết phải đổi mới công nghệ làm đường ô tô, những tiến bộ kỹ thuật trong xây dựng mặt đường bêtông xi măng gần đây, Kỹ thuật bêtông lèn chặt bằng lu, thiết kế mặt đường bêtông nhựa và mặt đường composit. | ||
| 650 | |a Pavements, concrete,Kết cấu mặt đường | ||
| 650 | |x Design and construction | ||
| 904 | |i mtbhai, Trọng Hiếu | ||
| 980 | |a Trung tâm Học liệu Trường Đại học Cần Thơ | ||